000 00541nam a2200157 a 4500
001 000031365
005 20200930062859.0
008 110620s1888 dr a 000 0 spa d
040 _aDO-SdBNP
_bspa
_cBNPHU
041 1 7 _afre
100 1 _aAlvarez Léal, Francisco
_957795
245 1 3 _aLa République Dominicaine :
_bterritoire, climat, agriculture, industrie, commerce, immigration et annuaire statistique /
_cFrancisco Alvarez Léal,.
260 _aParis :
_bImprimerie Lucien Beiller,
_c1888.
300 _a79 P. ;
_c26 cm.
049 _aBNPD
999 _c30857
_d30857